000 00506nam a2200169Ia 4500
008 090201s9999 xx 000 0 und d
010 _aKPL-51775
040 _bमराठी
041 _aमराठी
082 _a16939
_b51775
100 _aजयश्री खिरे
245 _aमोतिया
_cजयश्री खिरे
260 _c2004
_bदिलीपराज प्रकाशन
300 _a139
_bमोठा
600 _aमोतिया
942 _cBOOK
999 _c216919
_d216919